Mistrzowie Premier League - Statystyki

Ogólne statystyki
  • Ten quiz został rozwiązany 1 065 razy
  • Średni wynik to 23 z 25
Statystyki odpowiedzi
Hint Odpowiedź % Poprawnych
2011/2012 M. City
99%
2013/2014 M. City
99%
2017/2018 M. City
99%
2018/2019 M. City
99%
1995/1996 Manchester United
97%
1996/1997 Manchester United
97%
1998/1999 Manchester United
97%
1999/2000 Manchester United
97%
2000/2001 Manchester United
97%
2002/2003 Manchester United
97%
2006/2007 Manchester United
97%
2007/2008 Manchester United
97%
2008/2009 Manchester United
97%
2010/2011 Manchester United
97%
2012/2013 Manchester United
97%
2004/2005 Chelsea
95%
2005/2006 Chelsea
95%
2009/2010 Chelsea
95%
2014/2015 Chelsea
95%
2016/2017 Chelsea
95%
1997/1998 Arsenal
92%
2001/2002 Arsenal
92%
2003/2004 Arsenal
92%
2015/2016 Leicester
82%
1994/1995 Blackburn Rovers
27%
Nie znaleziono quizów pasujących do podanych kryteriów
Rozkład punktacji
Procent ludzi z każdym wynikiem
Percentyl według liczby udzielonych odpowiedzi
Twoja historia wyników
Nie rozwiązałeś tego quizu